Techniques for Teaching Law 2

محفوظ في:
التفاصيل البيبلوغرافية
المؤلف الرئيسي: Hess, Gerald H.
مؤلفون آخرون: Friedland, Steven I., Schwartz, Michael Hunter, Sparrow, Sophie
التنسيق: غير معروف
اللغة:الإنجليزية
منشور في: Durham, North Carolina, USA. Carolina Academic Pres 2011
الموضوعات:
الوسوم: إضافة وسم
لا توجد وسوم, كن أول من يضع وسما على هذه التسجيلة!

MARC

LEADER 00000 a2200000 4500
003 CL-VaPUC
005 20201116145645.0
008 201116b ||||| |||| 00| 0 eng d
999 |c 431694  |d 431692 
020 |a 9781594607509 
040 |c Pontificia Universidad Católica de Valparaíso 
082 |a 340.071173 HES 2011 
100 |a Hess, Gerald H.  |9 856495 
245 |a Techniques for Teaching Law 2  
260 |a Durham, North Carolina, USA.   |b Carolina Academic Pres  |c 2011 
300 |a 360 páginas  
583 |k Cristina Rojas  |c 20201116 
650 |a Derecho  |x Estudio y enseñanza  |z Estados Unidos   |9 858231 
700 |a Friedland, Steven I.  |9 858235 
700 |a Schwartz, Michael Hunter   |9 856494 
700 |a Sparrow, Sophie   |9 858236 
852 |a BIBCUR 
942 |2 ddc  |c BK 
952 |0 0  |1 0  |2 ddc  |4 0  |6 340_071173000000000_HES_2011  |7 0  |8 A  |9 576910  |a BIBDER  |b BIBDER  |d 2020-08-31  |e 3  |g 55664.00  |i 5577551  |o 340.071173 HES 2011  |p 5577551  |r 2023-01-25  |t 1  |v 55664.00  |w 2020-11-16  |y BK  |k DER